Foreign exchange market & the balance of payments:elements, policies and Nigerian experience elements, policies and Nigerian experience
Saved in:
| Main Author: | |
|---|---|
| Format: | Book |
| Language: | English |
| Published: |
Goldmark Press
2012
|
| Tags: |
Add Tag
No Tags, Be the first to tag this record!
|
MARC
| LEADER | 00000nam a22000007a 4500 | ||
|---|---|---|---|
| 008 | 210426b ||||| |||| 00| 0 eng d | ||
| 020 | |a 978-2499-96-X | ||
| 100 | |a OBADAN, Mike I. | ||
| 245 | |a Foreign exchange market & the balance of payments:elements, policies and Nigerian experience |b elements, policies and Nigerian experience |c Mike I. Obadan |g xxiii, 532p.; ill. | ||
| 260 | |b Goldmark Press |c 2012 |h Benin City, Nigeria |i 690731 |l HG3821 .Ob1 |m Foreign currency |m Currency exchange. | ||
| 500 | |a “It includes bibliographical references and index” | ||
| 942 | |a lcc |c BK |e Ogunmilade, F.T. |f 26/04/2021 | ||
| 952 | |0 0 |1 0 |2 lcc |4 0 |6 HG3821 O B1 |7 0 |9 2316 |a HOL |b HOL |c GJ |d 2021-04-26 |l 0 |o HG3821 .Ob1 |p 2021-6170 |r 2021-04-26 00:00:00 |w 2021-04-26 |y BK | ||
| 999 | |c 1193 |d 1193 | ||